|
|
|
|
| LEADER |
00000nas a2200000 a 4500 |
| 001 |
ssj0000606 |
| 003 |
WaSeSS |
| 005 |
20200512172242.0 |
| 006 |
m d |
| 007 |
cr n |
| 008 |
980113d19971998coumr p s 0 0eng c |
| 010 |
|
|
|a 99103201
|
| 035 |
|
|
|a (WaSeSS)ssj0000606
|
| 040 |
|
|
|a DPL
|b eng
|c DPL
|d NSD
|d DLC
|d OCLCQ
|d OCLCF
|d OCLCO
|d OCLCA
|d OCLCQ
|d WaSeSS
|
| 042 |
|
|
|a pcc
|
| 043 |
|
|
|a n-us-co
|
| 050 |
0 |
0 |
|a HC107.C7
|b C587
|
| 082 |
0 |
0 |
|a 330.9788/005
|2 19
|
| 130 |
0 |
|
|a Colorado business magazine (1997)
|
| 245 |
1 |
0 |
|a Colorado business magazine
|h [electronic resource].
|
| 246 |
1 |
7 |
|a Colorado business
|
| 260 |
|
|
|a Englewood, Colo. :
|b Wiesner, Inc.,
|c ©1997-
|
| 310 |
|
|
|a Monthly
|
| 362 |
0 |
|
|a Vol. 24, no. 10 (Oct. 1997)-
|
| 362 |
1 |
|
|a Ceased in 1998?
|
| 500 |
|
|
|a Title from cover.
|
| 506 |
|
|
|a License restrictions may limit access.
|
| 588 |
|
|
|a Latest issue consulted: Vol. 24, no. 11 (Nov. 1997).
|
| 650 |
|
7 |
|a Commerce.
|2 fast
|0 (OCoLC)fst00869279
|
| 650 |
|
7 |
|a Economic history.
|2 fast
|0 (OCoLC)fst00901974
|
| 651 |
|
0 |
|a Colorado
|x Economic conditions
|v Periodicals.
|
| 651 |
|
0 |
|a Colorado
|x Commerce
|v Periodicals.
|
| 651 |
|
7 |
|a Colorado.
|2 fast
|0 (OCoLC)fst01210251
|
| 655 |
|
0 |
|a Electronic journals.
|
| 780 |
0 |
0 |
|t Colorado business (Englewood, Colo. : 1993)
|w (DLC) 99103200
|w (OCoLC)28009297
|
| 785 |
0 |
0 |
|t Coloradobiz
|x 1523-6366
|w (DLC) 99103202
|w (OCoLC)40642683
|
| 850 |
|
|
|a DLC
|
| 856 |
4 |
0 |
|z Full text available from Research Library: 10/01/1997 to 12/31/1998
|u https://search.proquest.com/publication/30406
|